Discurso leído en el acto inaugural de la II Exposición Bibliográfica Cervantina (Record no. 140120)
[ view plain ]
| 000 -LEADER | |
|---|---|
| campo de control de longitud fija | 01014nam a2200217 i 4500 |
| 001 - NÚMERO DE CONTROL | |
| campo de control | 140120 |
| 003 - IDENTIFICADOR DE NÚMERO DE CONTROL | |
| campo de control | ES-MaACL |
| 005 - FECHA Y HORA DE LA ÚLTIMA TRANSACCIÓN | |
| campo de control | 20240301062536.0 |
| 007 - CAMPO FIJO DE DESCRIPCIÓN FÍSICA--INFORMACIÓN GENERAL | |
| campo de control de longitud fija | t| |
| 008 - DATOS DE LONGITUD FIJA--INFORMACIÓN GENERAL | |
| campo de control de longitud fija | 070214s1948 sp r ||||1| spa d |
| 100 1# - ENTRADA PRINCIPAL--NOMBRE DE PERSONA | |
| Nombre de persona | Sedó Peris-Mencheta, Juan ( |
| Fechas asociadas al nombre | 1908-1966) |
| 9 (RLIN) | 105075 |
| 245 10 - MENCIÓN DEL TÍTULO | |
| Título | Discurso leído en el acto inaugural de la II Exposición Bibliográfica Cervantina |
| Resto del título | : celebrada el día 19 de abril de 1948 en la Biblioteca Nacional de Madrid con motivo de la Asamblea Cervantina de la Lengua Española / |
| Mención de responsabilidad, etc. | Juan Sédo Peris-Mencheta. |
| 260 ## - PUBLICACIÓN, DISTRIBUCIÓN, ETC. | |
| Lugar de publicación, distribución, etc. | Barcelona : |
| Nombre del editor, distribuidor, etc. | [s. n.], |
| Fecha de publicación, distribución, etc. | 1948 ( |
| Fabricante | Imp.-Escuela de la Casa Provincial de Caridad) |
| 300 ## - DESCRIPCIÓN FÍSICA | |
| Extensión | 11 p. ; |
| Dimensiones | 25 cm. |
| 600 14 - PUNTO DE ACCESO ADICIONAL DE MATERIA--NOMBRE DE PERSONA | |
| Nombre de persona | Cervantes Saavedra, Miguel de, |
| Fechas asociadas al nombre | 1547-1616 |
| 9 (RLIN) | 226514 |
| 710 2# - ENTRADA AGREGADA--NOMBRE DE ENTIDAD CORPORATIVA | |
| Nombre de entidad corporativa o nombre de jurisdicción como elemento de entrada | Biblioteca Nacional (España) |
| 9 (RLIN) | 2188 |
| 711 1# - ENTRADA AGREGADA--NOMBRE DE REUNIÓN | |
| Nombre de congreso/reunión o jurisdicción como elemento de entrada | Exposición Bibliográfica Cervantina ( |
| Sede del congreso/Lugar de la reunión | Madrid ( |
| Fecha del congreso o de la firma del tratado | 1948) ( |
| Número del congreso/reunión o número de parte o sección | . 2ª) |
| 9 (RLIN) | 220572 |
| 711 1# - ENTRADA AGREGADA--NOMBRE DE REUNIÓN | |
| Nombre de congreso/reunión o jurisdicción como elemento de entrada | Asamblea Cervantina de la Lengua Española ( |
| Fecha del congreso o de la firma del tratado | 1947-48) |
| 9 (RLIN) | 6 |
| 852 ## - LOCALIZACIÓN | |
| Ubicación | ES-MaACL |
| Número de control de estantería | 2043-F-23 |
| Sublocalización o colección | R.56169 |
| Estatus retirado | Estado de pérdida | Estado de daño | No para préstamo | Colección | Biblioteca de origen | Biblioteca actual | Ubicación en estantería | Fecha de adquisición | Fuente de adquisición | Total de préstamos | Signatura topográfica completa | Código de barras | Visto por última vez | Precio de reemplazo | Tipo de ítem Koha |
|---|---|---|---|---|---|---|---|---|---|---|---|---|---|---|---|
| Colección de folletos | Biblioteca del Ateneo de Madrid | Biblioteca del Ateneo de Madrid | Depósito folletos | 17/01/2008 | 2043-F-23 | 1145813 | 23/02/2023 | 23/02/2023 | Folleto |
